[Event "St Petersburg Korchnoi Memorial op"]
[Site "St Petersburg"]
[Date "2023.08.23"]
[Round "8"]
[White "Mitin, Nikita1111"]
[Black "Krasnov, Ilia A"]
[Result "1/2-1/2"]
[WhiteElo "1636"]
[BlackElo "1436"]
[PlyCount "82"]
[EventDate "2023.08.18"]
[EventType "swiss"]
[EventRounds "9"]
[EventCountry "RUS"]
[SourceTitle "EXT 2024"]
[Source "ChessBase"]
[SourceDate "2023.10.10"]
[SourceVersion "1"]
[SourceVersionDate "2023.10.10"]
[SourceQuality "1"]

1. d4 d5 2. c4 c6 3. cxd5 cxd5 4. Nc3 Nf6 5. Nf3 Nc6 6. Bf4 Bf5 7. Qb3 Na5 8. Qa4+ Bd7 9. Qd1 e6 10. e3 Qb6 11. Rb1 Bd6 12. Bxd6 Qxd6 13. Bd3 0-0 14. 0-0 a6 15. Ne5 b5 16. f4 Rfc8 17. g4 b4 18. g5 bxc3 19. gxf6 g6 20. Qe1 Nc4 21. Bxc4 c2 22. Rc1 dxc4 23. Nxd7 Qxd7 24. Qh4 Qd8 25. Rxc2 Rab8 26. Rfc1 Rb5 27. Rxc4 Rxc4 28. Rxc4 Rh5 29. Qe1 Qxf6 30. Rc8+ Kg7 31. Qb4 Qh4 32. Qf8+ Kf6 33. Qd8+ Kf5 34. Qxh4 Rxh4 35. Kg2 Ke4 36. Kg3 Rh5 37. Rc3 Rb5 38. b3 g5 39. fxg5 Rxg5+ 40. Kf2 Rf5+ 41. Kg2 Rg5+ 1/2-1/2

[Event "St Petersburg Korchnoi Memorial op"]
[Site "St Petersburg"]
[Date "2023.08.22"]
[Round "7"]
[White "Krasnov, Ilia A"]
[Black "Lapin, Artem"]
[Result "0-1"]
[WhiteElo "1436"]
[BlackElo "1802"]
[PlyCount "86"]
[EventDate "2023.08.18"]
[EventType "swiss"]
[EventRounds "9"]
[EventCountry "RUS"]
[SourceTitle "EXT 2024"]
[Source "ChessBase"]
[SourceDate "2023.10.10"]
[SourceVersion "1"]
[SourceVersionDate "2023.10.10"]
[SourceQuality "1"]

1. e4 c5 2. Nf3 d6 3. d4 cxd4 4. Nxd4 Nf6 5. Nc3 g6 6. Be3 Bg7 7. f3 Nc6 8. Qd2 0-0 9. Bc4 Ne5 10. Bb3 Bd7 11. 0-0-0 a5 12. a4 Rc8 13. Bh6 Nc4 14. Bxc4 Rxc4 15. Bxg7 Kxg7 16. b3 Rc5 17. Ndb5 Qb6 18. Qd3 Rfc8 19. Rd2 Be6 20. Kb2 Kg8 21. Rhd1 Nd7 22. f4 Rh5 23. h3 f5 24. Nd5 Qd8 25. g4 Nc5 26. Qd4 fxg4 27. hxg4 Bxg4 28. Rg1 Bf3 29. Nbc3 Rh4 30. Qf2 e6 31. Ne3 Bh5 32. e5 d5 33. Nc4 Rh3 34. Nd6 Rxc3 35. Nxc8 Qxc8 36. Qh4 Ne4 37. Rh2 Kf7 38. Re1 Rf3 39. c4 Nc5 40. Qf6+ Kg8 41. Rxh5 Nd3+ 42. Kb1 Nxe1 43. Rh1 Rxb3+ 0-1

[Event "St Petersburg Korchnoi Memorial op"]
[Site "St Petersburg"]
[Date "2023.08.18"]
[Round "1"]
[White "Krasnov, Ilia A"]
[Black "Marchuk, Rostislav"]
[Result "1/2-1/2"]
[WhiteElo "1436"]
[BlackElo "1998"]
[PlyCount "82"]
[EventDate "2023.08.18"]
[EventType "swiss"]
[EventRounds "9"]
[EventCountry "RUS"]
[SourceTitle "EXT 2024"]
[Source "ChessBase"]
[SourceDate "2023.10.10"]
[SourceVersion "1"]
[SourceVersionDate "2023.10.10"]
[SourceQuality "1"]

1. e4 d6 2. d4 Nf6 3. Bd3 e5 4. c3 d5 5. dxe5 Nxe4 6. Bxe4 dxe4 7. Qxd8+ Kxd8 8. Bf4 h6 9. h4 Nc6 10. Nd2 e3 11. fxe3 g6 12. Ngf3 Bg7 13. 0-0-0 Ke7 14. Nb3 Nd8 15. Rd2 Ne6 16. Rhd1 a5 17. a4 Ra6 18. Nfd4 Rb6 19. Nb5 c6 20. N5d4 Re8 21. Nxa5 Nc5 22. Nc4 Ra6 23. Nd6 Rd8 24. b3 Bg4 25. Rf1 f6 26. exf6+ Bxf6 27. Kb2 Rb6 28. Nc4 Bxd4 29. Nxb6 Bxc3+ 30. Kxc3 Ne4+ 31. Kb4 Rxd2 32. Bxh6 c5+ 33. Ka5 Rxg2 34. Rf4 Nd2 35. Bf8+ Ke6 36. Bxc5 Nxb3+ 37. Kb4 Nc1 38. Re4+ Kf5 39. Rf4+ Ke6 40. Re4+ Kf5 41. Rf4+ Ke6 1/2-1/2

[Event "Chigorin Memorial 29th"]
[Site "St Petersburg"]
[Date "2022.10.29"]
[Round "8"]
[White "Krasnov, Ilia A"]
[Black "Ivanov, Nikolay A"]
[Result "0-1"]
[WhiteElo "1492"]
[BlackElo "1754"]
[PlyCount "72"]
[EventDate "2022.10.22"]
[EventType "swiss"]
[EventRounds "9"]
[EventCountry "RUS"]
[SourceTitle "EXT 2024"]
[Source "ChessBase"]
[SourceDate "2023.10.10"]
[SourceVersion "1"]
[SourceVersionDate "2023.10.10"]
[SourceQuality "1"]

1. e4 c5 2. Nf3 e6 3. d4 cxd4 4. Nxd4 Nc6 5. Nc3 Qc7 6. Be2 a6 7. 0-0 Nf6 8. Be3 Bb4 9. Nxc6 bxc6 10. Qd4 a5 11. f4 0-0 12. Bf3 Ba6 13. Rf2 c5 14. Qd2 Bb7 15. e5 Nd5 16. Nxd5 Bxd2 17. Nxc7 Bxe3 18. Nxa8 Bxa8 19. Rd1 Bxf3 20. gxf3 f6 21. exf6 d5 22. fxg7 Rxf4 23. Kg2 Bxf2 24. Kxf2 Kxg7 25. Ke3 Rh4 26. Rd2 Kf6 27. Re2 e5 28. c3 a4 29. Rg2 c4 30. Kf2 Kf5 31. Kg3 Rh6 32. Rd2 Rd6 33. h4 d4 34. cxd4 exd4 35. a3 Ke5 36. h5 d3 0-1

[Event "Chigorin Memorial 29th"]
[Site "St Petersburg"]
[Date "2022.10.25"]
[Round "4"]
[White "Klevets, Ksenia"]
[Black "Krasnov, Ilia A"]
[Result "1/2-1/2"]
[WhiteElo "1758"]
[BlackElo "1492"]
[PlyCount "80"]
[EventDate "2022.10.22"]
[EventType "swiss"]
[EventRounds "9"]
[EventCountry "RUS"]
[SourceTitle "EXT 2024"]
[Source "ChessBase"]
[SourceDate "2023.10.10"]
[SourceVersion "1"]
[SourceVersionDate "2023.10.10"]
[SourceQuality "1"]

1. e4 e6 2. d4 d5 3. e5 c5 4. c3 Qb6 5. Nf3 Bd7 6. Be2 cxd4 7. cxd4 Bb5 8. 0-0 Bxe2 9. Qxe2 Qa6 10. Nc3 Qxe2 11. Nxe2 Nc6 12. Bd2 Nge7 13. Rac1 Ng6 14. h4 h5 15. Nc3 Rc8 16. Na4 Be7 17. g3 f6 18. exf6 gxf6 19. Nc5 Bxc5 20. Rxc5 Kd7 21. Kg2 Nge7 22. Bf4 Ng6 23. Bd2 Nge7 24. Rd1 Nf5 25. Bf4 Nd6 26. Bxd6 Kxd6 27. Rdc1 Rh7 28. a3 Rg8 29. b4 Rg4 30. Rd1 Re7 31. Rdc1 Rh7 32. Rd1 Rc7 33. Re1 Re7 34. Rd1 Rc7 35. Kh3 Re4 36. Rd2 Rh7 37. Kg2 Rc7 38. Kh3 Rh7 39. Kg2 Rc7 40. Kh3 Rh7 1/2-1/2

[Event "Chigorin Memorial 29th"]
[Site "St Petersburg"]
[Date "2022.10.23"]
[Round "2"]
[White "Kamilov, Dmitry"]
[Black "Krasnov, Ilia A"]
[Result "1-0"]
[WhiteElo "1851"]
[BlackElo "1492"]
[PlyCount "69"]
[EventDate "2022.10.22"]
[EventType "swiss"]
[EventRounds "9"]
[EventCountry "RUS"]
[SourceTitle "EXT 2024"]
[Source "ChessBase"]
[SourceDate "2023.10.10"]
[SourceVersion "1"]
[SourceVersionDate "2023.10.10"]
[SourceQuality "1"]

1. e4 e6 2. d4 d5 3. Nc3 Nf6 4. Bg5 Bb4 5. e5 h6 6. Be3 Ne4 7. Qg4 g6 8. a3 h5 9. Qd1 Nxc3 10. Qd2 Bxa3 11. bxa3 Ne4 12. Qb4 c5 13. dxc5 0-0 14. Bd3 Nc6 15. Qa4 Qa5+ 16. Qxa5 Nxa5 17. f3 Nc3 18. Bd2 d4 19. Ne2 Nxe2 20. Kxe2 Nc6 21. f4 Ne7 22. Rab1 Rb8 23. Rb4 Nc6 24. Rb3 Kg7 25. Be4 Ra8 26. Rhb1 Rd8 27. Be1 a5 28. Bh4 Re8 29. Bf6+ Kg8 30. g4 hxg4 31. Rg3 Kf8 32. Rxg4 Ne7 33. Rb3 Ng8 34. Rh4 a4 35. Rbh3 1-0